000 00551nam a22001937a 4500
003 MPLRDC
005 20220105061104.0
008 210129b ||||| |||| 00| 0 eng d
020 _a978-7-5032-3343-2
082 _a719.52 PXZ
100 _a大宝石出版社
245 _a走遍全球--美国
_c靳淑敏 等译; 潘笑竹、王欣艳 责任编辑
250 _a初版一刷
260 _a中国
_b中国旅游出版社
_c2008
300 _b
520 _a上架 2017-03-06。
650 _a美洲游记--美国
942 _cBK
_o719.52 PXZ
999 _c68628
_d68618